MARC details
| 000 -LEADER |
| fixed length control field |
014750000a22002650004500 |
| 003 - CONTROL NUMBER IDENTIFIER |
| control field |
LK-CoMWRAF |
| 008 - FIXED-LENGTH DATA ELEMENTS--GENERAL INFORMATION |
| fixed length control field |
230817t ||||| |||| 00| 0 eng d |
| 040 ## - CATALOGING SOURCE |
| Original cataloging agency |
LK-CoMWRAF |
| Modifying agency |
LK-CoMWRAF |
| Description conventions |
LK-CoMWRAF |
| 041 ## - LANGUAGE CODE |
| Language code of text/sound track or separate title |
English |
| 082 ## - DEWEY DECIMAL CLASSIFICATION NUMBER |
| Classification number |
300 |
| Item number |
EMP |
| 942 ## - ADDED ENTRY ELEMENTS (KOHA) |
| Koha item type |
Books |
| 700 ## - ADDED ENTRY--PERSONAL NAME |
| Personal name |
Begum,, Hamida Akhtar |
| Relator Term |
editor |
| 245 ## - TITLE STATEMENT |
| Title |
Empowerment |
| Remainder of title |
A Journal of Women for Women |
| 260 ## - PUBLICATION, DISTRIBUTION, ETC. (IMPRINT) |
| Name of publisher, distributor, etc. |
Women for Women: A Research and Study Group |
| Place of publication, distribution, etc. |
Dhaka |
| Date of publication, distribution, etc. |
1997 |
| 300 ## - PHYSICAL DESCRIPTION |
| Extent |
p.124 |
| 490 ## - SERIES STATEMENT |
| Series statement |
Vol. 04 |
| 650 ## - SUBJECT ADDED ENTRY--TOPICAL TERM |
| Topical term or geographic name as entry element |
Family Psychosocial Dynamics in the Context of Rapid Economic and Social change in Malaysia by Rosnah Ismail, Wan Rafaei Abdul Rahman |
| 650 ## - SUBJECT ADDED ENTRY--TOPICAL TERM |
| Topical term or geographic name as entry element |
History of Literacy Efforts for Women in Bangladesh: Various Issues and Dimensions by Jahanara Huq |
| 650 ## - SUBJECT ADDED ENTRY--TOPICAL TERM |
| Topical term or geographic name as entry element |
Income-earning Women from Rural Bangladesh: Change in Attitude and Knowledge by Syed Masud Ahmed, Alayne Adams, A.M.R. Chowdhury, Abbas Bhuiya |
| 650 ## - SUBJECT ADDED ENTRY--TOPICAL TERM |
| Topical term or geographic name as entry element |
Is Participation in University Administration a Taboo for Women? An Exploration of the Problem by Farah Deeba Chowdhury |
| 650 ## - SUBJECT ADDED ENTRY--TOPICAL TERM |
| Topical term or geographic name as entry element |
Mainstreaming Women in Development Plans: A few Critical Comments on the fifth five year Plan by Rita Afsar |
| 650 ## - SUBJECT ADDED ENTRY--TOPICAL TERM |
| Topical term or geographic name as entry element |
Organizing Women for Self Reliance: an Experience from a Muslim Village in West Bengal, India by Sekh Rahim Mondal, Rokaiya Begum |
| 650 ## - SUBJECT ADDED ENTRY--TOPICAL TERM |
| Topical term or geographic name as entry element |
Patriarchy as a Concept: Dealing with Diversity by Sadeka Halim |
| 650 ## - SUBJECT ADDED ENTRY--TOPICAL TERM |
| Topical term or geographic name as entry element |
Women's Participation in Employment: Its History and Determinants by Qazi Shamsuddin |